000
00242nam a22000857a 4500
008
160704b xxu||||| |||| 00| 0 eng d
100
_9
1937
_a
NCERT
245
_a
Annotated Bibliography on Value Education in India
260
_a
New Delhi
_b
NCERT
_c
2002
999
_c
1638
_d
1638